000 00451cam a2200193 4500
001 D3712
008 090401t xxu||||| |||| 00| 0 eng d
035 _a(Sirsi) u74552
041 _aeng
050 _a692.3
100 _aFerry, D.J.O.
245 _aSurface finishes
260 _aLondon
_bStandard Method of Measurement Developme
300 _a18 leaves. 30cm
350 _a0
520 _aFiled at SMMDU/6
942 _n0
948 _c04/03/1997
999 _c95881
_d95881